Tilastot visalle Suomen mitalit yleisurheilun MM-kisoissa

Klikkaa tästä pelataksesi tätä visaa!

Yleistilastot

  • Tätä visaa on pelattu 39 kertaa
  • Keskiarvotulos 18 / 23

Vastaustilastot

% Oikein
Peking 2015Tero
Pitkämäki
100%
Moskova 2013Tero
Pitkämäki
100%
Osaka 2007Tero
Pitkämäki
100%
Budapest 2023Wilma
Murto
100%
Rooma 1987Seppo
Räty
97%
Tokio 1991Seppo
Räty
97%
Tokio 1991Kimmo
Kinnunen
88%
Stuttgart 1993Kimmo
Kinnunen
88%
Edmonton 2001Arsi
Harju
85%
Helsinki 2005Tommi
Evilä
82%
Sevilla 1999Aki
Parviainen
79%
Edmonton 2001Aki
Parviainen
79%
Göteborg 1995Valentin
Kononen
79%
Stuttgart 1993Valentin
Kononen
79%
Stuttgart 1993Sari
Essayah
76%
Tokio 1991Sari
Essayah
76%
Helsinki 1983Tiina
Lillak
76%
Helsinki 1983Arto
Bryggare
73%
Ateena 1997Eduard
Hämäläinen
64%
Göteborg 1995Mika
Halvari
61%
Göteborg 1995Mikaela
Ingberg
61%
Helsinki 1983Martti
Vainio
58%
Malmö 1976Reima
Salonen
48%

Tulosjakauma

Persentiili vastausten määrän mukaan

Jokaisen tuloksen saaneiden osuus

Tuloshistoriasi

Et ole pelannut tätä visaa